The Coffee/ (Record no. 206566)

MARC details
000 -LEADER
fixed length control field 00572nam a22002177a 4500
005 - DATE AND TIME OF LATEST TRANSACTION
control field 20241022123251.0
010 ## - LCCN (DPL NO)
LC control number ENG-142239
020 ## - INTERNATIONAL STANDARD BOOK NUMBER
International Standard Book Number 9789393384737
Terms of availability 199.00
035 ## - SYSTEM CONTROL NUMBER
System control number EN-125771
037 ## - SOURCE OF ACQUISITION
Source of stock number/acquisition DBAD
082 ## - DEWEY DECIMAL CLASSIFICATION NUMBER
Classification number S
100 ## - MAIN ENTRY--PERSONAL NAME
Personal name Prakash, Pankaj
245 ## - TITLE STATEMENT
Title The Coffee/
Statement of responsibility, etc by Pankaj Prakash
250 ## - EDITION STATEMENT
Edition statement First
260 ## - PUBLICATION, DISTRIBUTION, ETC. (IMPRINT)
Name of publisher, distributor, etc Bluerose Publishers
Date of publication, distribution, etc 2023
270 ## - ADDRESS
Electronic mail address info@bluerosepublishers.com
300 ## - PHYSICAL DESCRIPTION
Extent 117p.
Dimensions 20cm(pb)
700 ## - ADDED ENTRY--PERSONAL NAME
Personal name Ramasamy, Praveenkumar
9 (RLIN) 73141
700 ## - ADDED ENTRY--PERSONAL NAME
Personal name Shanmugasundaram, Sowmika
9 (RLIN) 73142
942 ## - ADDED ENTRY ELEMENTS (KOHA)
Source of classification or shelving scheme Dewey Decimal Classification
Item type English Books
Classification part S
Call number suffix PRA
Holdings
Withdrawn status Lost status Not for loan Collection code Home library Current library Date acquired Source of acquisition Cost, normal purchase price Full call number Barcode Copy number Cost, replacement price Koha item type
      Fiction Bawana Bawana 22/10/2024 DBAD 199.00 S PRA EN-125771 1 199.00 English Books

© Delhi Public Library
Hit Counter
free hit counter